LDR 01138naa#a2200229#i#450# 001 RU\RIOR\bibl\123912 005 20260629073450.1 011 ## _a2409-6024 100 ## _a20260530b2026####ek#y0rusy0150####ca 102 ## _aRU 200 1# _aИНСТИТУЦИОНАЛЬНЫЕ ОСНОВЫ УГЛЕРОДНОГО РЕГУЛИРОВАНИЯ _eЖурнальная статья 210 1# _aМосква _cООО "Издательский Центр РИОР" _d2026 215 ## _a15 с. 606 ## _aНауки о Земле. 05.00.00 _aЭкономика и управление. 38.00.00 _2local 608 ## _aЖурнальная статья _2local 675 ## _aЭкономика. Народное хозяйство. Экономические науки. 33 _z 686 ## _aЕСТЕСТВЕННЫЕ НАУКИ. 2 _2bbk 686 ## _aГУМАНИТАРНЫЕ НАУКИ. РЕЛИГИЯ. ИСКУССТВО. 8 _2tbk 686 ## _aЭКОНОМИКА И ЭКОНОМИЧЕСКИЕ НАУКИ. 06.00 _2grnti 686 ## _aОБЩЕСТВЕННЫЕ НАУКИ В ЦЕЛОМ. 00.00 _2grnti 700 #1 _aСушко _gОльга Петровна 856 4# _arusjm.ru _u